|
|
|
|
| LEADER |
00610cam a2200205ua 4500 |
| 008 |
121115t2010||||||||||| 00 ||eng c |
| 041 |
0 |
|
|a eng
|
| 082 |
|
|
|a 621.406
|b DIX/F
|
| 100 |
|
|
|a Dixon,, S.L.
|
| 245 |
1 |
0 |
|a Fluid mechanics and thermodynamics of turbomachinery /
|
| 250 |
|
|
|a 6
|
| 260 |
|
|
|a New Delhi:
|b Elsevier,
|c 2010.
|
| 300 |
|
|
|a 459p..
|
| 362 |
1 |
|
|a 2010.
|
| 650 |
|
|
|a Turbomachines
|
| 650 |
0 |
|
|a Thermodynamics
|
| 700 |
0 |
2 |
|a Hall,, C.A.
|
| 942 |
|
|
|c BK
|
| 999 |
|
|
|c 27930
|d 27930
|
| 952 |
|
|
|0 0
|1 0
|4 0
|6 621_406000000000000_DIX
|7 0
|9 29707
|a KUCL
|b KUCL
|d 2014-05-23
|l 0
|o 621.406 DIX/
|p 29591
|r 2014-05-23
|w 2014-05-23
|y BK
|